Who Stole My Calories? (Record no. 94788)
[ view plain ]
| 000 -LEADER | |
|---|---|
| fixed length control field | 00483nam a2200181Ia 4500 |
| 008 - FIXED-LENGTH DATA ELEMENTS--GENERAL INFORMATION | |
| fixed length control field | 230125s9999 xx 000 0 und d |
| 020 ## - INTERNATIONAL STANDARD BOOK NUMBER | |
| International Standard Book Number | 9788184954029 |
| 041 ## - LANGUAGE CODE | |
| Language code of text/sound track or separate title | eng |
| 082 ## - DEWEY DECIMAL CLASSIFICATION NUMBER | |
| Classification number | 613 |
| Item number | RUI |
| 100 ## - MAIN ENTRY--PERSONAL NAME | |
| Personal name | Ruia M |
| 9 (RLIN) | 117050 |
| 245 ## - TITLE STATEMENT | |
| Title | Who Stole My Calories? |
| Remainder of title | A Health & Fitness Novel Like No Other! |
| 250 ## - EDITION STATEMENT | |
| Edition statement | Ed.1st |
| 260 ## - PUBLICATION, DISTRIBUTION, ETC. (IMPRINT) | |
| Date of publication, distribution, etc. | 2017 |
| Name of publisher, distributor, etc. | Jaico Publishing House |
| Place of publication, distribution, etc. | Mumbai |
| 300 ## - PHYSICAL DESCRIPTION | |
| Extent | 217p |
| 700 ## - ADDED ENTRY--PERSONAL NAME | |
| Personal name | Ruia M |
| 9 (RLIN) | 117050 |
| 906 ## - LOCAL DATA ELEMENT F, LDF (RLIN) | |
| b | 92.69 |
| Withdrawn status | Lost status | Damaged status | Not for loan | Home library | Current library | Date acquired | Vendor | Cost, normal purchase price | Bill number | Total Checkouts | Full call number | Barcode | Date last seen | Cost, replacement price | Bill Date | Koha item type | Original Barcode |
|---|---|---|---|---|---|---|---|---|---|---|---|---|---|---|---|---|---|
| Smt. Hiraben Nanavati Institute of Management & Research for Women | Smt. Hiraben Nanavati Institute of Management & Research for Women | 16/03/2017 | Suyog Enterprises | 299.00 | SE/SI/3867 | 613 RUI B15672 | HIMR-BK-15672 | 25/01/2023 | 206.31 | 08/03/2017 | Books | B15672 |